Southville International School and Colleges
Your cart is empty.
  • Cart
  • Lists
    Public lists list_1 View all
    Your lists Log in to create your own lists
  • Log in to your account
  • Your cookies
  • Search history
Southville International School and Colleges
  • Advanced search
  • Recent comments
  • Most popular
  • Libraries

Log in to your account

Log in with GOOGLE


If you do not have an external account, but do have a local account, you can still log in:

  1. Home
  2. MARC view: The higher power of Lucky /
Normal view MARC view ISBD view

The higher power of Lucky / (Record no. 34961)

[ view plain ]
MARC details
000 -LEADER
fixed length control field 01562cam a2200397 a 4500
001 - CONTROL NUMBER
control field 14055406
003 - CONTROL NUMBER IDENTIFIER
control field OSt
005 - DATE AND TIME OF LATEST TRANSACTION
control field 20140310184517.0
008 - FIXED-LENGTH DATA ELEMENTS--GENERAL INFORMATION
fixed length control field 050728s2006 nyua c 000 1 eng
010 ## - LIBRARY OF CONGRESS CONTROL NUMBER
LC control number 2005021767
020 ## - INTERNATIONAL STANDARD BOOK NUMBER
International Standard Book Number 9780545036146
020 ## - INTERNATIONAL STANDARD BOOK NUMBER
International Standard Book Number 0545036143
040 ## - CATALOGING SOURCE
Original cataloging agency DLC
Transcribing agency DLC
Modifying agency DLC
042 ## - AUTHENTICATION CODE
Authentication code lcac
050 00 - LIBRARY OF CONGRESS CALL NUMBER
Classification number PZ 7
Item number .P27565Hig 2007
082 00 - DEWEY DECIMAL CLASSIFICATION NUMBER
Classification number [Fic]
100 1# - MAIN ENTRY--PERSONAL NAME
Personal name Patron, Susan,
Dates associated with a name 1948-
9 (RLIN) 29495
245 14 - TITLE STATEMENT
Title The higher power of Lucky /
Statement of responsibility, etc Susan Patron.
250 ## - EDITION STATEMENT
Edition statement 1st ed.
260 ## - PUBLICATION, DISTRIBUTION, ETC. (IMPRINT)
Place of publication, distribution, etc New York :
Name of publisher, distributor, etc Atheneum Books for Young Readers,
Date of publication, distribution, etc c2007.
300 ## - PHYSICAL DESCRIPTION
Extent 134 p. :
Other physical details ill. 23 cm.
521 ## - TARGET AUDIENCE NOTE
Target audience note
526 ## - STUDY PROGRAM INFORMATION NOTE
Reading level 1010
650 #1 - SUBJECT ADDED ENTRY--TOPICAL TERM
Topical term or geographic name as entry element Abandoned children
Form subdivision Fiction.
9 (RLIN) 29496
650 #1 - SUBJECT ADDED ENTRY--TOPICAL TERM
Topical term or geographic name as entry element Interpersonal relations
Form subdivision Fiction.
9 (RLIN) 29497
650 #1 - SUBJECT ADDED ENTRY--TOPICAL TERM
Topical term or geographic name as entry element Runaways
Form subdivision Fiction.
9 (RLIN) 29498
700 1# - ADDED ENTRY--PERSONAL NAME
Personal name Phelan, Matt ,
Relator term ill.
9 (RLIN) 29499
856 41 - ELECTRONIC LOCATION AND ACCESS
Materials specified Table of contents
Uniform Resource Identifier <a href="http://www.loc.gov/catdir/toc/ecip0517/2005021767.html">http://www.loc.gov/catdir/toc/ecip0517/2005021767.html</a>
856 42 - ELECTRONIC LOCATION AND ACCESS
Materials specified Publisher description
Uniform Resource Identifier <a href="http://www.loc.gov/catdir/enhancements/fy0668/2005021767-d.html">http://www.loc.gov/catdir/enhancements/fy0668/2005021767-d.html</a>
856 41 - ELECTRONIC LOCATION AND ACCESS
Materials specified Sample text
Uniform Resource Identifier <a href="http://www.loc.gov/catdir/enhancements/fy0703/2005021767-s.html">http://www.loc.gov/catdir/enhancements/fy0703/2005021767-s.html</a>
856 42 - ELECTRONIC LOCATION AND ACCESS
Materials specified Contributor biographical information
Uniform Resource Identifier <a href="http://www.loc.gov/catdir/enhancements/fy1107/2005021767-b.html">http://www.loc.gov/catdir/enhancements/fy1107/2005021767-b.html</a>
906 ## - LOCAL DATA ELEMENT F, LDF (RLIN)
a 7
b cbc
c orignew
d 1
e ecip
f 20
g y-gencatlg
942 ## - ADDED ENTRY ELEMENTS (KOHA)
Source of classification or shelving scheme Library of Congress Classification
Koha item type
Holdings
Withdrawn status Lost status Source of classification or shelving scheme Damaged status Home library Current library Shelving location Date acquired Total Checkouts Total Renewals Full call number Barcode Date last seen Date checked out Copy number Price effective from Koha item type
    Library of Congress Classification   Luxembourg Library Luxembourg Library Scholastic Reading Center Section 10/16/2013 1 6 PZ 7 .P27565Hig 2007 SCHO0345 04/26/2018 02/22/2018 1 10/16/2013 Books

The higher power of Lucky /

APA

Patron S., Phelan M. ., . (2007). The higher power of Lucky. New York: Atheneum Books for Young Readers.

Chicago

Patron Susan, Phelan Matt, . 2007. The higher power of Lucky. New York: Atheneum Books for Young Readers.

Harvard

Patron S., Phelan M. ., . (2007). The higher power of Lucky. New York: Atheneum Books for Young Readers.

MLA

Patron Susan, Phelan Matt, . The higher power of Lucky. New York: Atheneum Books for Young Readers. 2007.

  • Place hold
  • Print
  • Cite
  • Add to your cart (remove)
  • Save record
    BIBTEX Dublin Core MARCXML MARC (non-Unicode/MARC-8) MARC (Unicode/UTF-8) MARC (Unicode/UTF-8, Standard) MODS (XML) RIS
  • More searches
    Search for this title in:
    Other Libraries (WorldCat) Other Databases (Google Scholar) Online Stores (Bookfinder.com) Open Library (openlibrary.org)

Exporting to Dublin Core...

SOUTHVILLE LIBRARY

Southville International School and Colleges Library

1281 Tropical Ave. Cor. Luxembourg St., BF Homes International, Las Pinas City

Tel. No. 8256374 / 252358 Loc. 117/146

Powered by Koha